| Tag |
First Indicator |
Second Indicator |
Subfields |
| LEADER |
00000cam a2200000 4500 |
| 001 |
in00000068554 |
| 005 |
20151008050229.0 |
| 008 |
780125s1959 fr b 00000 fre |
| 010 |
|
|
|a a 59008366
|
| 035 |
|
|
|a (OCoLC)03580987
|
| 035 |
|
|
|9 AAG0091AM
|
| 040 |
|
|
|a DLC
|c IAR
|d TXA
|d UtOrBLW
|
| 049 |
|
|
|a TXAM
|c [364741]
|
| 050 |
|
0 |
|a JC179
|b .A58 1959
|
| 092 |
|
|
|a 320.1
|b M7793a
|
| 100 |
1 |
|
|a Althusser, Louis,
|d 1918-1990.
|
| 245 |
1 |
0 |
|a Montesquieu ;
|b la politique et l'histoire.
|
| 250 |
|
|
|a [1. ed.].
|
| 264 |
|
1 |
|a Paris :
|b Presses universitaires de France,
|c 1959.
|
| 300 |
|
|
|a 119 pages ;
|c 19 cm.
|
| 336 |
|
|
|a text
|b txt
|2 rdacontent
|
| 337 |
|
|
|a unmediated
|b n
|2 rdamedia
|
| 338 |
|
|
|a volume
|b nc
|2 rdacarrier
|
| 490 |
1 |
|
|a Initiation philosophique
|
| 504 |
|
|
|a "Bibliographie: pages [118]-119."
|
| 600 |
1 |
0 |
|a Montesquieu, Charles de Secondat,
|c baron de,
|d 1689-1755.
|
| 650 |
|
0 |
|a Political science.
|
| 830 |
|
0 |
|a Initiation philosophique.
|
| 999 |
|
|
|a MARS
|
| 999 |
f |
f |
|s acdfbfb1-1359-3a79-8c77-2421c156e798
|i 8907cd4e-674d-306c-b4ef-098afeeffef6
|t 0
|
| 952 |
f |
f |
|p ric
|a Texas A&M University
|b Rellis Campus
|c Joint Library Facility
|d Remote Storage
|t 0
|e JC179 .A58 1959
|h Library of Congress classification
|i unmediated -- volume
|m A14800657587
|
| 998 |
f |
f |
|a JC179 .A58 1959
|t 0
|l Remote Storage
|